WEC Calendar 2024 - Statistics

General Stats
  • This quiz has been taken 104 times
  • The average score is 7 of 8
Answer Stats
Round Country % Correct
1 Qatar
94%
4 France
93%
8 Bahrain
84%
2 Italy
84%
6 United States
84%
7 Japan
80%
3 Belgium
77%
5 Brazil
77%
No matching quizzes found
Score Distribution
Percent of People with Each Score
Percentile by Number Answered
Your Score History
You have not taken this quiz